| 000 | 01989nam a2200361 i 4500 | ||
|---|---|---|---|
| 001 | 000006280 | ||
| 003 | DO-SdBNP | ||
| 005 | 20240619113635.0 | ||
| 006 | a||||gr|||| 00| 0 | ||
| 007 | ta | ||
| 008 | 090827s2001 dr 001 0 spa d | ||
| 020 | _z9993410071 | ||
| 040 |
_aDO-SdBNP _bspa _cBNPHU _erda |
||
| 082 | 4 |
_a371.32 _bG861i _222 |
|
| 100 | 1 |
_aGrimaldi Silié, Eleanor, _d1948- _eautor _985713 |
|
| 245 | 1 | 0 |
_aIdeas para enseñar educación, historia y literatura infantil. / _cEleanor Grimaldi Silié ; prólogo, Oscar López Reyes. |
| 264 |
_aSanto Domingo : _bBúho, _c2001 |
||
| 300 |
_a121 páginas ; _c22 cm. |
||
| 336 |
_2rdacontent _atexto _btxt |
||
| 337 |
_2rdamedia _asin mediación _bn |
||
| 338 |
_2rdacarrier _avolumen _bnc |
||
| 500 | _aIncluye datos biográficos de la autora en las solapas de la cubierta | ||
| 504 | _aBibliografía: p. 117-121. | ||
| 505 | 0 |
_gPrólogo / _rOscar López Reyes -- _tAlgunos códigos, normas, concertaciones, tratados y convenios que han regido a la humanidad -- _tLa ilustración y los libros de texto de historia dominicana -- _tIncidencia de la mujer dominicana en la educación -- _tSemblanza de la Dra. Zoraida Heredia Vda. Suncar -- _tSemblanza de Margarita Luciano López -- _tEl trabajo con la literatura infantil en la educación básica: su relación con la educación artística -- _tLos estereotipos: ¿Cómo manejarlos en la educación básica? -- _tHacia una proyección de la literatura infantil en República Dominicana -- _gBibliografía mínima por temas. |
|
| 590 | _aInventariado 2023 / MF | ||
| 650 | 4 |
_aEducación _xLibros de texto _xEnsayos, conferencias, etc. _917541 |
|
| 650 | 4 |
_aEducación _zRepública Dominicana _xEnsayos, conferencias, etc. _917454 |
|
| 650 | 4 |
_aLiteratura infantil _xEnsayos, conferencias, etc. _917542 |
|
| 650 | 4 |
_aLibros de texto _xEnsayos, conferencias, etc. _917543 |
|
| 700 | 1 |
_aLópez Reyes, Oscar, _eprólogo _9750 |
|
| 910 | _aValidado. Control de calidad EMS | ||
| 942 |
_2ddc _cLBS1 |
||
| 999 |
_c6075 _d6075 |
||